Central Library OPAC University of Rajshahi

ইলেক্ট্রন / (Record no. 40116)

MARC details
000 -LEADER
fixed length control field 01165nam a2200265 a 4500
001 - CONTROL NUMBER
control field 40116
003 - CONTROL NUMBER IDENTIFIER
rucl marc code BD-RjUL
005 - DATE AND TIME OF LATEST TRANSACTION
control field 20211209053135.0
008 - FIXED-LENGTH DATA ELEMENTS--GENERAL INFORMATION
fixed length control field 160423s2012 bg a|||| |||| 00| 0 ben d
020 ## - INTERNATIONAL STANDARD BOOK NUMBER
International Standard Book Number 9789844042407
Terms of availability : Tk.150.00
035 ## - SYSTEM CONTROL NUMBER
System control number (BD-RjUL)40231
040 ## - CATALOGING SOURCE
Original cataloging agency BD-RjUL
Language of cataloging ben
Transcribing agency BD-RjUL
041 ## - LANGUAGE CODE
Language code of text/sound track or separate title ben
082 ## - DEWEY DECIMAL CLASSIFICATION NUMBER
Edition number 23
Classification number 537
Author mark and year KIE 2012
100 ## - MAIN ENTRY--PERSONAL NAME
Personal name কিতাইগারোদস্কি, আ.
9 (RLIN) 123532
245 ## - TITLE STATEMENT
Title ইলেক্ট্রন /
Statement of responsibility, etc. আ. কিতাইগারোদস্কি অনুবাদ শান্তি শেখর সিংহ ,সম্পাদনা সুব্রত দেবনাথ
260 ## - PUBLICATION, DISTRIBUTION, ETC. (IMPRINT)
Place of publication, distribution, etc. ঢাকা :
Name of publisher, distributor, etc. অনুপম পকাশনী,
Date of publication, distribution, etc. ২০১২.
300 ## - PHYSICAL DESCRIPTION
Pagination ১৯১ পৃ. :
Illustrations চিত্র :
Size 21 সেমি.
490 ## - SERIES STATEMENT
Series statement সকলের জন্য পদার্থবিদ্যা
650 ## - SUBJECT ADDED ENTRY--TOPICAL TERM
Topical term or geographic name as entry element বিদ্যুৎ
9 (RLIN) 122360
Topical term or geographic name as entry element Electricity
9 (RLIN) 123533
700 ## - ADDED ENTRY--PERSONAL NAME
Personal name সিংহ্‌ শান্তি শেখর ,অনুবাদ
Personal name দেবনাথ, সুব্রত ,সম্পাদনা
942 ## - ADDED ENTRY ELEMENTS (KOHA)
Source of classification or shelving scheme Dewey Decimal Classification
Koha item type Books
Holdings
Lost status Source of classification or shelving scheme Damaged status Not for loan Collection code Permanent Location Current Location Shelving location Date acquired Source of acquisition Cost, normal purchase price Total Checkouts Full call number Date last seen Copy number Koha item type
  Dewey Decimal Classification     Non-fiction Central Library, University of Rajshahi Central Library, University of Rajshahi   14/08/2014 Batighor, Chattogram 150.00   B 537 KIE 2012 23/04/2016 C-1 Books